MARC details
| 000 -LEADER |
| campo de control de longitud fija |
01594cam a22004577a 4500 |
| 003 - IDENTIFICADOR DE NÚMERO DE CONTROL |
| campo de control |
BJBSDDR |
| 005 - FECHA Y HORA DE LA ÚLTIMA TRANSACCIÓN |
| campo de control |
20230410124136.0 |
| 007 - CAMPO FIJO DE DESCRIPCIÓN FÍSICA--INFORMACIÓN GENERAL |
| campo de control de longitud fija |
ta |
| 008 - DATOS DE LONGITUD FIJA--INFORMACIÓN GENERAL |
| campo de control de longitud fija |
050330s2007 mx ae 000 0 spa d |
| 020 ## - NÚMERO INTERNACIONAL ESTÁNDAR DEL LIBRO |
| Número Internacional Estándar del Libro |
9685616086 |
| 020 ## - NÚMERO INTERNACIONAL ESTÁNDAR DEL LIBRO |
| Número Internacional Estándar del Libro |
9789685616089 |
| 029 1# - OTRO NÚMERO DE CONTROL DE SISTEMA (OCLC) |
| Identificador de la biblioteca OCLC |
PL# |
| Número de control de sistema |
070011591 |
| 029 1# - OTRO NÚMERO DE CONTROL DE SISTEMA (OCLC) |
| Identificador de la biblioteca OCLC |
NZ1 |
| Número de control de sistema |
12468216 |
| 029 1# - OTRO NÚMERO DE CONTROL DE SISTEMA (OCLC) |
| Identificador de la biblioteca OCLC |
AU@ |
| Número de control de sistema |
000042943803 |
| 035 ## - NÚMERO DE CONTROL DEL SISTEMA |
| Número de control de sistema |
(OCoLC)ocn159609844 |
| 035 ## - NÚMERO DE CONTROL DEL SISTEMA |
| Número de control de sistema |
(OCoLC)159609844 |
| 040 ## - FUENTE DE CATALOGACIÓN |
| Centro catalogador/agencia de origen |
PL# |
| Centro/agencia transcriptor |
PL# |
| Lengua de catalogación |
spa |
| 041 0# - CÓDIGO DE IDIOMA |
| Código de lengua del texto/banda sonora o título independiente |
spa |
| -- |
eng |
| 042 ## - CÓDIGO DE AUTENTICACIÓN |
| Código de autenticación |
lccopycat |
| 043 ## - CÓDIGO DE ÁREA GEOGRÁFICA |
| Código de área geográfica |
n-mx--- |
| 049 ## - FONDOS LOCALES (OCLC) |
| Biblioteca depositaria |
GRAL |
| 050 14 - SIGNATURA TOPOGRÁFICA DE LA BIBLIOTECA DEL CONGRESO |
| Número de clasificación |
NA 755.6 |
| Número de ítem |
M516 2007 |
| 082 04 - NÚMERO DE LA CLASIFICACIÓN DECIMAL DEWEY |
| Número de clasificación |
728.0972 |
| 245 03 - MENCIÓN DEL TÍTULO |
| Título |
Lo mejor del siglo XXI. |
| Número de parte o sección de la obra |
2 : |
| Resto del título |
arquitecturas mexicanas 2005-2006 = The best of the 21st century. |
| Número de parte o sección de la obra |
2 : Mexican architecture 2005-2006 / |
| Mención de responsabilidad, etc. |
[editor Miquel Adriá]. |
| 246 3# - FORMA VARIANTE DEL TITULO |
| Título propio/Titulo breve |
Mejor del siglo XXI. |
| Número de parte o sección de la obra |
2 |
| 246 3# - FORMA VARIANTE DEL TITULO |
| Título propio/Titulo breve |
Lo mejor del siglo 21. |
| Número de parte o sección de la obra |
2 |
| 246 31 - FORMA VARIANTE DEL TITULO |
| Título propio/Titulo breve |
Best of the 21st century. |
| Número de parte o sección de la obra |
2 |
| 250 ## - MENCION DE EDICION |
| Mención de edición |
1a ed. |
| 260 ## - PUBLICACIÓN, DISTRIBUCIÓN, ETC. |
| Lugar de publicación, distribución, etc. |
México : |
| Nombre del editor, distribuidor, etc. |
Arquine : |
| -- |
Editorial RM, |
| Fecha de publicación, distribución, etc. |
c2007. |
| 300 ## - DESCRIPCIÓN FÍSICA |
| Extensión |
297 pages : |
| Otras características físicas |
col. ill., plans ; |
| Dimensiones |
30 cm. |
| 504 ## - NOTA DE BIBLIOGRAFÍA, ETC. |
| Nota de bibliografía, etc. |
Includes bibliographical references and index. |
| 505 ## - NOTA DE CONTENIDO CON FORMATO |
| Nota de contenido con formato |
[1] 2001-2004<br/>2. 2005-2006<br/>3. 2007-2008<br/>4. 2009-2010<br/>vol. 5. 2011-2012<br/>vol. 6. 2013-2014 |
| 546 ## - NOTA DE IDIOMA |
| Nota de lengua/lenguaje |
Texts in Spanish and English. |
| 650 #0 - PUNTO DE ACCESO ADICIONAL DE MATERIA--TÉRMINO DE MATERIA |
| Término de materia o nombre geográfico como elemento de entrada |
Architecture |
| Subdivisión geográfica |
Mexico |
| Subdivisión general |
History |
| Subdivisión cronológica |
21st century. |
| 650 #4 - PUNTO DE ACCESO ADICIONAL DE MATERIA--TÉRMINO DE MATERIA |
| Término de materia o nombre geográfico como elemento de entrada |
Arquitectura |
| Subdivisión geográfica |
México |
| Subdivisión general |
Historia |
| Subdivisión cronológica |
Siglo XXI |
| 9 (RLIN) |
16975 |
| 650 #4 - PUNTO DE ACCESO ADICIONAL DE MATERIA--TÉRMINO DE MATERIA |
| Término de materia o nombre geográfico como elemento de entrada |
Arquitectura mexicana |
| Subdivisión cronológica |
Siglo XX |
| Subdivisión de forma |
Obras ilustradas |
| 9 (RLIN) |
26225 |
| 650 #4 - PUNTO DE ACCESO ADICIONAL DE MATERIA--TÉRMINO DE MATERIA |
| Término de materia o nombre geográfico como elemento de entrada |
Arquitectos mexicanos |
| Subdivisión cronológica |
Siglo XX |
| 9 (RLIN) |
26226 |
| 700 1# - ENTRADA AGREGADA--NOMBRE PERSONAL |
| Nombre de persona |
Adrià, Miquel, |
| 9 (RLIN) |
26227 |
| Fechas asociadas al nombre |
1956- |
| Término indicativo de función/relación |
editor |
| 942 ## - ELEMENTOS DE ENTRADA SECUNDARIOS (KOHA) |
| Fuente del sistema de clasificación o colocación |
Clasificación de Library of Congress |
| Tipo de ítem Koha |
Libro |
| 946 ## - PROCESAMIENTO DE INFORMACIÓN LOCAL (OCLC) |
| a |
mm |